000 00284nam a22000977a 4500
999 _c11075
_d11075
008 180824b ||||| |||| 00| 0 eng d
020 _a9788177002225
100 _aArora S L
_96853
245 _aPhysics - XII
_bA Reference Book for class XII
260 _aNew Delhi
_bDhanpat Rai and Co
_c2018